000 00575nam a2200217 i 4500
001 140917
003 ES-MaACL
005 20240430093534.0
007 t|
008 070918s1976 sp ||||1| spa d
020 _a84-359-0011-8
080 _a860-14"19"
100 1 _aYmayo Tartakoff, Laura.
_9117644
245 1 0 _aMujer martes /
_cLaura Ymayo.
260 _aMadrid :
_bPlayor,
_c[1976]
300 _a74 p. ;
_c19 cm.
490 1 _aNueva poesía
830 0 _aNueva poesía (Playor)
_9180866
852 _aES-MaACL
_jL-10709
_bR.108796
999 _c140917
_d140917